000 01021 a2200205 4500
001 62668
005 20260407155920.0
008 260407a1974 arg spa d
003 AR-UNSa-BCEJYS
040 _aAR-UNSa-BCEJYS
_bspa
_cAR-UNSa-BCEJYS
080 _a35.08
_xPersonal administrativo. Funcionarios. plantilla. función pública. Teoría, organización
245 1 0 _aEstabilidad del empleado público
264 1 _aBuenos Aires :
_bAstrea
_c1974
300 _a172 p.
_c20 cm.
505 _a 1. Alcance legal de la estabilidad - 2. Efectos de la garantía de estabilidad – 3. Causas extintivas más frecuentes, cesantía y exoneración – 4. Causas extintivas menos frecuentes – 5. Declaración de prescindibilidad – 6. Causas suspensivas de la estabilidad – 7. Estado de comisión, antecedentes y objeto – 8. Constitucionalidad y control jurisdiccional de la declaración en comisión.
041 _aspa
942 _cBK
590 _aniveau_biblio:m niveau_hierar:0
100 1 _aMercado Luna, Ricardo
999 _c7753
_d7753